02310cam a22005057a 4500001001000000003000500010005001700015008004100032010001000073011001000083035001100093040000900104090001000113100003800123245023800161260004100399300004200440502007500482590003700557590004100594590004100635590004100676590004100717590004100758590004200799590004000841590004000881650003300921650005200954650002301006650003501029650003501064700003501099856006601134901000701200905002401207942000701231942000601238949006201244949007401306999001701380952012901397952015001526952012801676000093449CHAP20220329142936.0050330d2005 mx d r 00110 spa d a89915 a90887 a101444 cCHAP aTesis00aTrejo Herrera, Ana Luisa.911475510aEvaluación de productos orgánicos para prolongar la vida de anaquel de nopalitos (Opuntia ficus indica L.) bajo condiciones rústicas de almacenamieto en Milpa Alta, D. F. /c/por Ana Luisa Trejo Herrera y Rubén Rivera Peña. aChapingo, Méx. :bEl autor,c2005. a56 h. :bgráfs. ; cuadros ; anexos. aTesis (Ing. en Agroecología) -- UACH. Departamento de Agroecología aALEPHb10c20130110lUCH01h1505 aBATCH-UPDb10c20130110lUCH01h0633 aBATCH-UPDb10c20130410lUCH01h0316 aBATCH-UPDb10c20130914lUCH01h0232 aBATCH-UPDb10c20140324lUCH01h1450 aBATCH-UPDb10c20141002lUCH01h0825 aCONVERSIONb10c20130109lUCH01h1350 aE5765TAJb10c20130613lUCH01h1237 aE5765TAJb10c20130702lUCH01h134214aAlimentos orgánicos.9431614aAlmacenamiento en atmósfera controlada.9446114aFungicidas.94404414aNopalxInvestigación.98167914aNopalzMéxico (D.F.).9817080 aRivera Peña, Rubén.997717 3Finding aiduhttp://10.13.5.2/tesis/101444.pdfzTeclea aquí aBK aMarco A. Mendoza T. cCD n0 aTesisbBCcTESd1014441eTS1gDonaciØnh43593i101444sb aTesisbBCcTESd33724000954251eTS2fc.2gDonaciØnh43594i101444sb c89915d89915 00102local4051708TESISaBCbBCd2013-06-13eDonacionfCDl0oTesisp33724002376090r2019-12-31 00:00:00w2013-06-13yCD 00102local4053708TESISaBCbBCcPA_TESISd2019-12-31eDonacionfTESISl0oTesisp33724000954251r2019-12-31 00:00:00tc.2w2019-12-31yTESIS 00102local4051708TESISaBCbBCcPA_TESISd2019-12-31fTESISl0oTesisp1014441r2019-12-31 00:00:00w2019-12-31yTESIS